Loreto College Library, Kolkata
WEBOPAC (ONLINE PUBLIC ACCESS CATALOGUE)

Selected short stories (Record no. 23832)

MARC details
000 -LEADER
fixed length control field 00549nam a2200181Ia 4500
008 - FIXED-LENGTH DATA ELEMENTS--GENERAL INFORMATION
fixed length control field 131103s9999 xx 000 0 und d
040 ## - CATALOGING SOURCE
Original cataloging agency Loreto College
041 ## - LANGUAGE CODE
Language code English
082 ## - DDC | ডিউই
Classification number | বর্গসংখ্যা 843/BAL
Book Number | গ্রন্থাঙ্ক LCLIB/37522
100 ## - MAIN ENTRY--PERSONAL NAME | মুখ্য সংলেখ - ব্যাক্তিনাম
Personal name | ব্যাক্তিনাম Balzac, Honore De
245 ## - TITLE STATEMENT | অাখ্যা বিবরণী
Title | অাখ্যা Selected short stories
Statement of responsibility | লেখকের দায়িত্বের বিবরণ Honore De Balzac; selected and translated with an introduction by Sylvia Raphael
260 ## - IMPRINT | প্রকাশনা ক্ষেত্র
Place of publication | প্রকাশ স্থান London
Name of publisher | প্রকাশকের নাম Penguin books
Date of publication | প্রকাশ কাল 1977
300 ## - PHYSICAL DESCRIPTION |
Page / Vol. No | পৃষ্ঠা / খন্ড সংখ্যা 269p.
650 ## - SUBJECT ADDED ENTRY--TOPICAL TERM | বিষয় শিরোনাম - মূল বিষয়
Topical term | মূল বিষয় French fiction
700 ## - ADDED ENTRY--PERSONAL NAME | অতিরিক্ত সংলেখ - ব্
Personal name | ব্যাক্তিনাম Raphael, Sylvia; tr.
850 ## - HOLDING INSTITUTION
Holding institution LCLIB/843/BAL
942 ## - ADDED ENTRY ELEMENTS (KOHA)
Koha item type Books
Holdings
Withdrawn status Lost status Damaged status Not for loan Home library Current library Date acquired Total Checkouts Full call number Accession No. Date last seen Date checked out Price effective from Koha item type
        Loreto College Loreto College 04/11/2013 5 843/BAL LCLIB/37522 B26502 16/04/2025 04/04/2025 04/11/2013 Books